000
00243nam a22000977a 4500
008
240831b |||||||| |||| 00| 0 eng d
020
_a
9789350122532
100
_a
Kumar Alok
_9
7795
245
_a
Biography of Dhirubhai Ambani
260
_a
New Delhi
999
_c
12638
_d
12638